[Event "24th Klatovy B 2016"]
[Site "Klatovy CZE"]
[Date "2016.07.05"]
[Round "4.3"]
[White "Kovar, Petr2"]
[Black "Zak, Jiri1"]
[Result "1-0"]
[WhiteElo "1980"]
[BlackElo "1717"]
[PlyCount "41"]
[EventDate "2016.07.02"]
[EventType "swiss"]
[EventRounds "9"]
[EventCountry "CZE"]

1. e4 c5 2. d4 cxd4 3. c3 dxc3 4. Nxc3 e6 5. Bc4 a6 6. Nf3 b5 7. Bb3 Bb7 8. Qe2 Ne7 9. Bg5 Nbc6 10. O-O Qc7 11. Rac1 Qb6 12. Rfd1 h6 13. Be3 a5 14. Nd5 exd5 15. exd5 Ne5 16. Nxe5 d6 17. Nc6 Bxc6 18. dxc6 Qc7 19. Bf4 Rd8 20. Re1 g5 21. Qh5 1-0

[Event "24th Klatovy B 2016"]
[Site "Klatovy CZE"]
[Date "2016.07.05"]
[Round "4.5"]
[White "Flajsman, Pavel"]
[Black "Kastner, Jan"]
[Result "0-1"]
[WhiteElo "1522"]
[BlackElo "1875"]
[PlyCount "52"]
[EventDate "2016.07.02"]
[EventType "swiss"]
[EventRounds "9"]
[EventCountry "CZE"]

1. e4 c6 2. d4 d5 3. e5 Bf5 4. Nc3 e6 5. g4 Bg6 6. Nge2 Bb4 7. Nf4 Ne7 8. h4 h6 9. Bd3 Qc7 10. Bxg6 Nxg6 11. Nh5 c5 12. f4 cxd4 13. Qxd4 Nc6 14. Qd3 d4 15. a3 Qa5 16. Rb1 dxc3 17. axb4 Qa2 18. Qd6 Nge7 19. O-O Qxb1 20. bxc3 Qxc2 21. b5 Qg6 22. bxc6 Qxg4+ 23. Kf2 Qxh4+ 24. Ng3 Qxg3+ 25. Ke2 Qg2+ 26. Ke1 Qxc6 0-1

[Event "24th Klatovy B 2016"]
[Site "Klatovy CZE"]
[Date "2016.07.05"]
[Round "4.6"]
[White "Sprenar, Petr"]
[Black "Leseticky, Vladimir"]
[Result "1/2-1/2"]
[WhiteElo "1798"]
[BlackElo "1665"]
[PlyCount "57"]
[EventDate "2016.07.02"]
[EventType "swiss"]
[EventRounds "9"]
[EventCountry "CZE"]

1. d4 Nf6 2. c4 e6 3. g3 d5 4. Bg2 Bb4+ 5. Bd2 Bxd2+ 6. Nxd2 dxc4 7. Nxc4 c6 8. Nf3 O-O 9. O-O Nbd7 10. Qc2 Qe7 11. e4 Nb6 12. Nfe5 Nxc4 13. Qxc4 Nd7 14. Nxd7 Bxd7 15. Rfd1 a5 16. Qc5 Qd8 17. e5 Ra6 18. Rdc1 Qb6 19. Bf1 Qxc5 20. dxc5 Raa8 21. Rd1 Rfd8 22. Rd6 Kf8 23. Rad1 Ke7 24. R1d4 Be8 25. b4 axb4 26. Rxb4 Ra7 27. Rxd8 Kxd8 28. a4 Kc7 29. Rg4 1/2-1/2

[Event "24th Klatovy B 2016"]
[Site "Klatovy CZE"]
[Date "2016.07.05"]
[Round "4.7"]
[White "Vavrinkova, Eliska"]
[Black "Cizek, Ondrej"]
[Result "1/2-1/2"]
[WhiteElo "1626"]
[BlackElo "1826"]
[PlyCount "45"]
[EventDate "2016.07.02"]
[EventType "swiss"]
[EventRounds "9"]
[EventCountry "CZE"]

1. d4 Nf6 2. c4 e6 3. Nf3 Bb4+ 4. Bd2 Bxd2+ 5. Nbxd2 d5 6. cxd5 exd5 7. Qc2 O-O 8. e3 c6 9. Bd3 Bg4 10. Ne5 Bh5 11. Ndf3 Qa5+ 12. Qd2 Qxd2+ 13. Nxd2 Nbd7 14. Ndf3 Nb6 15. O-O Ne4 16. Bxe4 dxe4 17. Nd2 f6 18. Nec4 Nxc4 19. Nxc4 Rfe8 20. Rfc1 Re7 21. a4 Rd8 22. b4 Rd5 23. Na3 1/2-1/2

[Event "24th Klatovy B 2016"]
[Site "Klatovy CZE"]
[Date "2016.07.05"]
[Round "4.8"]
[White "Simacek, Vaclav"]
[Black "Macho, Miloslav"]
[Result "0-1"]
[WhiteElo "1876"]
[BlackElo "1675"]
[PlyCount "120"]
[EventDate "2016.07.02"]
[EventType "swiss"]
[EventRounds "9"]
[EventCountry "CZE"]

1. e4 e5 2. Nc3 Bc5 3. Nf3 d6 4. Na4 Bb6 5. Nxb6 axb6 6. d4 exd4 7. Qxd4 Qf6 8. Qd1 Nc6 9. c3 Bg4 10. Be2 Ne5 11. Nxe5 Bxe2 12. Qxe2 Qxe5 13. O-O Nf6 14. f4 Qxe4 15. Qb5+ Qc6 16. Re1+ Kf8 17. Qd3 Qd5 18. Qxd5 Nxd5 19. Bd2 Re8 20. c4 Rxe1+ 21. Rxe1 Ne7 22. Bc3 f6 23. g4 Kf7 24. g5 Ra8 25. gxf6 gxf6 26. a3 Ra4 27. Kf2 Rxc4 28. Kf3 Ng6 29. Re4 Nh4+ 30. Ke3 Nf5+ 31. Kd3 Rxe4 32. Kxe4 Ke6 33. Be1 c5 34. Kd3 Kd5 35. Bc3 Nd4 36. Ke3 f5 37. Bxd4 cxd4+ 38. Kd3 Kc5 39. b4+ Kb5 40. Kxd4 Ka4 41. Kd5 Kxa3 42. Kxd6 Kxb4 43. Ke5 Kc4 44. Kxf5 b5 45. Ke5 b4 46. f5 b3 47. f6 b2 48. f7 b1=Q 49. f8=Q Qe1+ 50. Kf6 Qf2+ 51. Ke7 Qxf8+ 52. Kxf8 b5 53. Kg7 b4 54. Kxh7 b3 55. h4 b2 56. h5 b1=Q+ 57. Kg7 Qg1+ 58. Kf6 Qh2 59. Kg6 Qg3+ 60. Kf6 Qh4+ 0-1

[Event "24th Klatovy B 2016"]
[Site "Klatovy CZE"]
[Date "2016.07.05"]
[Round "4.9"]
[White "Micka, Norbert"]
[Black "Gorbunov, Artemiy"]
[Result "0-1"]
[WhiteElo "1848"]
[BlackElo "1671"]
[PlyCount "101"]
[EventDate "2016.07.02"]
[EventType "swiss"]
[EventRounds "9"]
[EventCountry "CZE"]

1. Nf3 d5 2. d4 e6 3. c4 Nf6 4. g3 Bb4+ 5. Bd2 Bxd2+ 6. Nbxd2 O-O 7. Bg2 Nc6 8. O-O Ne7 9. Qc2 Bd7 10. Ne5 c6 11. Rfd1 Ng6 12. Nxd7 Qxd7 13. e4 Rac8 14. e5 Ne8 15. Rac1 Nc7 16. h4 f6 17. h5 Ne7 18. Nf3 Qe8 19. h6 gxh6 20. exf6 Rxf6 21. Ne5 Nf5 22. b3 Qe7 23. Qd2 Rcf8 24. Qd3 Qg7 25. Rd2 h5 26. Rc3 Rh6 27. Bh3 h4 28. g4 Nd6 29. f3 Nf7 30. f4 Nxe5 31. fxe5 Rg6 32. Rg2 dxc4 33. bxc4 b5 34. cxb5 Nd5 35. Rxc6 Nf4 36. Qb3 Nxg2 37. Rxe6 Qf7 38. Rxg6+ hxg6 39. Qxf7+ Kxf7 40. Bxg2 Ke6 41. a4 Rd8 42. d5+ Kxe5 43. Kf2 g5 44. Ke3 Rc8 45. Kd3 Rc1 46. a5 Rc5 47. b6 axb6 48. a6 Ra5 49. Kc4 Rxa6 50. Kb5 Ra5+ 51. Kxb6 0-1

[Event "24th Klatovy B 2016"]
[Site "Klatovy CZE"]
[Date "2016.07.05"]
[Round "4.10"]
[White "Zamorsky, Ladislav"]
[Black "Pucholt, Martin"]
[Result "1-0"]
[WhiteElo "1840"]
[BlackElo "1641"]
[PlyCount "89"]
[EventDate "2016.07.02"]
[EventType "swiss"]
[EventRounds "9"]
[EventCountry "CZE"]

1. d4 Nf6 2. c4 e6 3. g3 Bb4+ 4. Nd2 O-O 5. Bg2 d5 6. Ngf3 Ne4 7. O-O b6 8. Nxe4 dxe4 9. Ng5 f5 10. h4 h6 11. Nh3 Nd7 12. Nf4 Qe8 13. d5 Nf6 14. Nxe6 Bxe6 15. dxe6 Qxe6 16. Qa4 a5 17. Be3 Rad8 18. Rfd1 Ng4 19. Bf4 Bc5 20. e3 Qe7 21. Qc6 Ne5 22. Bxe5 Qxe5 23. Bh3 Bd6 24. Qd5+ Qxd5 25. Rxd5 g6 26. h5 Kg7 27. hxg6 Kxg6 28. Rad1 Be7 29. Bxf5+ Kf6 30. Bxe4 Bd6 31. Rf5+ Ke6 32. Rxf8 Rxf8 33. Rd5 Be5 34. b3 Rg8 35. Kg2 Rb8 36. f4 Bh8 37. Bf5+ Kf6 38. e4 Ra8 39. Bd7 Ke7 40. e5 Ra7 41. Bc6 Ke6 42. g4 Bg7 43. f5+ Kf7 44. Rd7+ Kf8 45. f6 1-0

[Event "24th Klatovy B 2016"]
[Site "Klatovy CZE"]
[Date "2016.07.05"]
[Round "4.11"]
[White "Lener, Jaroslav 1975"]
[Black "Zimovcak, Zdenek"]
[Result "1/2-1/2"]
[WhiteElo "1820"]
[BlackElo "1632"]
[PlyCount "20"]
[EventDate "2016.07.02"]
[EventType "swiss"]
[EventRounds "9"]
[EventCountry "CZE"]

1. Nf3 d5 2. c4 Nf6 3. cxd5 Nxd5 4. e4 Nb6 5. d4 Bg4 6. Be2 e6 7. O-O N8d7 8. Be3 Be7 9. Nbd2 Bh5 10. Ne1 h6 1/2-1/2

[Event "24th Klatovy B 2016"]
[Site "Klatovy CZE"]
[Date "2016.07.05"]
[Round "4.12"]
[White "Cyron, Karel"]
[Black "Schille, Hannes"]
[Result "1-0"]
[WhiteElo "1802"]
[BlackElo "1629"]
[PlyCount "45"]
[EventDate "2016.07.02"]
[EventType "swiss"]
[EventRounds "9"]
[EventCountry "CZE"]

1. e4 c5 2. Nf3 d5 3. exd5 Nf6 4. Nc3 a6 5. a4 Nxd5 6. Bc4 Nf6 7. O-O e6 8. d3 b6 9. Qe2 Bb7 10. Ne5 Qc7 11. Bg5 Bd6 12. f4 Bxe5 13. fxe5 Nfd7 14. Rxf7 Kxf7 15. Qh5+ g6 16. Rf1+ Ke8 17. Qg4 Qxe5 18. Bxe6 Qd4+ 19. Qxd4 cxd4 20. Bf7+ Kf8 21. Bd5+ Ke8 22. Re1+ Kf8 23. Bh6# 1-0

[Event "24th Klatovy B 2016"]
[Site "Klatovy CZE"]
[Date "2016.07.05"]
[Round "4.13"]
[White "Pravda, Krystof"]
[Black "Rezac, Jindrich"]
[Result "1/2-1/2"]
[WhiteElo "1669"]
[BlackElo "1799"]
[PlyCount "26"]
[EventDate "2016.07.02"]
[EventType "swiss"]
[EventRounds "9"]
[EventCountry "CZE"]

1. e4 d5 2. exd5 Nf6 3. Nf3 Nxd5 4. c4 Nf6 5. d4 Bg4 6. Be2 Nbd7 7. O-O e6 8. Nc3 Be7 9. Re1 O-O 10. b3 Nb6 11. h3 Bh5 12. Ne5 Bxe2 13. Nxe2 Bb4 1/2-1/2

[Event "24th Klatovy B 2016"]
[Site "Klatovy CZE"]
[Date "2016.07.05"]
[Round "4.14"]
[White "Berka, Lubos"]
[Black "Soukup, Jiri1"]
[Result "1-0"]
[WhiteElo "1787"]
[BlackElo "1591"]
[PlyCount "105"]
[EventDate "2016.07.02"]
[EventType "swiss"]
[EventRounds "9"]
[EventCountry "CZE"]

1. e4 e6 2. Nc3 d5 3. exd5 exd5 4. d4 c6 5. Nf3 Bd6 6. Bd3 Ne7 7. Bg5 f6 8. Bh4 O-O 9. Qd2 Bf5 10. Bg3 Bxd3 11. Qxd3 Re8 12. O-O-O a5 13. Rde1 Na6 14. Re6 Nc8 15. Rhe1 Rxe6 16. Rxe6 Nc7 17. Re3 Nb6 18. b3 a4 19. Kb1 Bb4 20. Qe2 Kf7 21. Nh4 g6 22. f4 axb3 23. cxb3 Bxc3 24. Rxc3 Nb5 25. Rd3 Qf8 26. f5 g5 27. Nf3 Re8 28. Nxg5+ fxg5 29. Qh5+ Kg8 30. Be5 Rxe5 31. Qxg5+ Qg7 32. Qxg7+ Kxg7 33. dxe5 Nd7 34. Rg3+ Kf8 35. a4 Nd4 36. Re3 Ke7 37. g4 c5 38. h4 Nc6 39. e6 Nde5 40. g5 Ng4 41. g6 hxg6 42. fxg6 Kf6 43. g7 Ne7 44. Rg3 Nh6 45. Rc3 b6 46. a5 d4 47. Rf3+ Kxe6 48. a6 Nc6 49. Rf8 d3 50. Rh8 Nb4 51. Rxh6+ Kf7 52. a7 d2 53. Rd6 1-0

[Event "24th Klatovy B 2016"]
[Site "Klatovy CZE"]
[Date "2016.07.05"]
[Round "4.15"]
[White "Maly, Jiri"]
[Black "Bartos, Karel"]
[Result "0-1"]
[WhiteElo "1657"]
[BlackElo "1784"]
[PlyCount "70"]
[EventDate "2016.07.02"]
[EventType "swiss"]
[EventRounds "9"]
[EventCountry "CZE"]

1. d4 f5 2. Nc3 Nf6 3. g3 e6 4. Bg2 Bb4 5. Bd2 O-O 6. a3 Bxc3 7. Bxc3 d6 8. Qd3 Qe8 9. Nf3 Nc6 10. O-O-O Ne4 11. Be1 Bd7 12. Nd2 Nf6 13. f3 Rb8 14. e4 b5 15. Nb3 b4 16. axb4 Nxb4 17. Bxb4 Rxb4 18. Qc3 Qb8 19. Bf1 fxe4 20. Bg2 Nd5 21. Qe1 exf3 22. Bh3 Rf6 23. Rf1 a5 24. Nxa5 Rxb2 25. Nb3 Ra2 26. Rd3 Rxc2+ 27. Kxc2 Nb4+ 28. Qxb4 Qxb4 29. Rfxf3 Rxf3 30. Rxf3 Qc4+ 31. Kd2 Qd5 32. Bg2 Qg5+ 33. Kc3 Bb5 34. h4 Qg4 35. Rf4 Qxg3+ 0-1

[Event "24th Klatovy B 2016"]
[Site "Klatovy CZE"]
[Date "2016.07.05"]
[Round "4.16"]
[White "Stross, Frantisek 1952"]
[Black "Kasik, Miroslav"]
[Result "0-1"]
[WhiteElo "1652"]
[BlackElo "1768"]
[PlyCount "105"]
[EventDate "2016.07.02"]
[EventType "swiss"]
[EventRounds "9"]
[EventCountry "CZE"]

1. e4 d5 2. e5 Bf5 3. d4 e6 4. Nf3 h6 5. Bd3 Bxd3 6. Qxd3 c6 7. O-O Nd7 8. Nfd2 g6 9. f4 Ne7 10. b3 Nf5 11. c4 Nxd4 12. Bb2 Nf5 13. Ba3 Qb6+ 14. Kh1 Qd4 15. Qxd4 Nxd4 16. Bxf8 Kxf8 17. Nc3 Nf5 18. Nf3 Ke7 19. Rfe1 dxc4 20. g4 Ng7 21. bxc4 Nc5 22. Nd2 Rhd8 23. Nde4 Nxe4 24. Nxe4 b6 25. a4 Rd4 26. Rac1 c5 27. Kg2 Rad8 28. Kf3 h5 29. h3 hxg4+ 30. Kxg4 Nf5 31. Nf2 Rh8 32. Kf3 Rh4 33. Re4 Rd2 34. Ra1 Nd4+ 35. Kg3 Rh8 36. a5 Nb3 37. Rd1 Rxd1 38. Nxd1 Nxa5 39. Nc3 a6 40. Na4 Rb8 41. Kf3 Kd7 42. Ke2 Kc6 43. Kd3 Rd8+ 44. Kc3 b5 45. cxb5+ axb5 46. Nb2 b4+ 47. Kc2 Kb5 48. Nd1 Nc4 49. h4 Rd2+ 50. Kc1 Rh2 51. f5 gxf5 52. Rf4 Nxe5 53. Nf2 0-1

[Event "24th Klatovy B 2016"]
[Site "Klatovy CZE"]
[Date "2016.07.05"]
[Round "4.17"]
[White "Kovarova, Oxana"]
[Black "Repa, Vaclav"]
[Result "1-0"]
[WhiteElo "1759"]
[BlackElo "1577"]
[PlyCount "57"]
[EventDate "2016.07.02"]
[EventType "swiss"]
[EventRounds "9"]
[EventCountry "CZE"]

1. e4 c5 2. Nc3 d6 3. f4 e5 4. fxe5 dxe5 5. Nf3 Bd6 6. Bc4 Nc6 7. a3 h6 8. d3 Bg4 9. O-O Nf6 10. Ne2 a6 11. Be3 b5 12. Ba2 Nd4 13. Kh1 Qd7 14. Neg1 Nh5 15. c3 Nxf3 16. Nxf3 Rc8 17. Qd2 Be6 18. Bxe6 Qxe6 19. Nh4 Be7 20. Nf5 g5 21. Qe2 Qg6 22. Qxh5 Qxh5 23. Ng7+ Kd7 24. Nxh5 Rcf8 25. Nf6+ Ke6 26. Nd5 Bd6 27. Rf6+ Kd7 28. Raf1 Rh7 29. b4 1-0

[Event "24th Klatovy B 2016"]
[Site "Klatovy CZE"]
[Date "2016.07.05"]
[Round "4.18"]
[White "Cipera, Josef"]
[Black "Rychtecky, Pavel"]
[Result "1/2-1/2"]
[WhiteElo "1756"]
[BlackElo "1546"]
[PlyCount "113"]
[EventDate "2016.07.02"]
[EventType "swiss"]
[EventRounds "9"]
[EventCountry "CZE"]

1. e4 c6 2. d4 d5 3. Nc3 dxe4 4. Nxe4 Bf5 5. Ng3 Bg6 6. Nf3 e6 7. h4 h6 8. Bd3 Bxd3 9. Qxd3 Nf6 10. O-O Nbd7 11. Qb3 Qc7 12. c4 Bd6 13. Ne2 c5 14. Be3 O-O 15. Rad1 Rad8 16. Qc2 Ng4 17. Bc1 b6 18. b3 Nh2 19. Nxh2 Bxh2+ 20. Kh1 Bd6 21. Qe4 Nf6 22. Qf3 cxd4 23. Nxd4 Be5 24. Nb5 Qb8 25. Rfe1 a6 26. Na3 Qc7 27. Nb1 Rxd1 28. Rxd1 Rd8 29. Qe2 Rxd1+ 30. Qxd1 Qd6 31. Qxd6 Bxd6 32. Be3 b5 33. c5 Bc7 34. Nc3 Kf8 35. b4 Ke7 36. Kg1 Kd7 37. Kf1 Be5 38. Nd1 Nd5 39. Bd2 Kc6 40. g3 Bd4 41. Ke2 f5 42. f4 Bf6 43. Kf3 h5 44. Ke2 g6 45. a3 e5 46. fxe5 Bxe5 47. Kf3 Bf6 48. Bc1 Be7 49. Bb2 a5 50. Ne3 axb4 51. Nxd5 Kxd5 52. axb4 g5 53. hxg5 Bxg5 54. Bc3 h4 55. gxh4 Bxh4 56. Kf4 Be7 57. Kxf5 1/2-1/2

[Event "24th Klatovy B 2016"]
[Site "Klatovy CZE"]
[Date "2016.07.05"]
[Round "4.19"]
[White "Kaspar, Lukas"]
[Black "Sova, Zdenek"]
[Result "1/2-1/2"]
[WhiteElo "1634"]
[BlackElo "1747"]
[PlyCount "73"]
[EventDate "2016.07.02"]
[EventType "swiss"]
[EventRounds "9"]
[EventCountry "CZE"]

1. e4 c5 2. Nf3 e6 3. d4 cxd4 4. Nxd4 a6 5. a3 Qc7 6. Nc3 Nc6 7. Be3 b5 8. Be2 Nf6 9. O-O Be7 10. Kh1 O-O 11. f4 d6 12. g4 Nxd4 13. Bxd4 Bb7 14. Bf3 d5 15. e5 Nd7 16. Qe2 Bc5 17. Rad1 Rac8 18. Rfe1 Rfe8 19. h4 Bxd4 20. Rxd4 Qc5 21. Qd2 Nb6 22. Be2 Qe7 23. g5 Nc4 24. Bxc4 Rxc4 25. Ne2 Rec8 26. c3 a5 27. Kh2 h5 28. Ra1 a4 29. Rf1 g6 30. Kg3 Qc7 31. Rd1 Ba6 32. Kf3 Qb7 33. Rb1 Qe7 34. Qd1 Bb7 35. Kg3 R8c5 36. Kf3 Qc7 37. Rc1 1/2-1/2

[Event "24th Klatovy B 2016"]
[Site "Klatovy CZE"]
[Date "2016.07.05"]
[Round "4.20"]
[White "Vartazaryan, Gor"]
[Black "Kovar, Vaclav 1953"]
[Result "1/2-1/2"]
[WhiteElo "1620"]
[BlackElo "1730"]
[PlyCount "33"]
[EventDate "2016.07.02"]
[EventType "swiss"]
[EventRounds "9"]
[EventCountry "CZE"]

1. d4 d5 2. c4 e6 3. Nf3 Nf6 4. Nc3 c5 5. e3 cxd4 6. exd4 Nc6 7. a3 a6 8. Be3 Be7 9. Bd3 O-O 10. O-O dxc4 11. Bxc4 b5 12. Ba2 Bb7 13. Rc1 Rc8 14. Bb1 Na5 15. Ne5 Nd5 16. Qh5 f5 17. Rfe1 1/2-1/2

[Event "24th Klatovy B 2016"]
[Site "Klatovy CZE"]
[Date "2016.07.05"]
[Round "4.21"]
[White "Stanik, Michal"]
[Black "Bauer, Jan 2005"]
[Result "1/2-1/2"]
[WhiteElo "1713"]
[BlackElo "1296"]
[PlyCount "54"]
[EventDate "2016.07.02"]
[EventType "swiss"]
[EventRounds "9"]
[EventCountry "CZE"]

1. e4 e5 2. Nf3 Nc6 3. Bc4 Nf6 4. Ng5 d5 5. exd5 Na5 6. Bb5+ c6 7. dxc6 bxc6 8. Qf3 Be7 9. Bxc6+ Nxc6 10. Qxc6+ Bd7 11. Qc4 O-O 12. d3 Rc8 13. Qb3 Ng4 14. Nf3 Bc5 15. O-O Bc6 16. Bg5 Qd7 17. Nc3 Qf5 18. Ne4 Bxe4 19. dxe4 Qxe4 20. h3 Nxf2 21. Rxf2 Bxf2+ 22. Kxf2 Qxc2+ 23. Kf1 Qf5 24. g4 Qg6 25. Bd2 Qf6 26. Bg5 Qa6+ 27. Kg1 Qb6+ 1/2-1/2

[Event "24th Klatovy B 2016"]
[Site "Klatovy CZE"]
[Date "2016.07.05"]
[Round "4.22"]
[White "Kubat, Zbynek"]
[Black "Kubat, Martin"]
[Result "1/2-1/2"]
[WhiteElo "1629"]
[BlackElo "1709"]
[PlyCount "37"]
[EventDate "2016.07.02"]
[EventType "swiss"]
[EventRounds "9"]
[EventCountry "CZE"]

1. e4 c5 2. d4 cxd4 3. c3 dxc3 4. Nxc3 Nc6 5. Nf3 g6 6. Bc4 Bg7 7. O-O Nf6 8. Re1 O-O 9. Bf4 d6 10. h3 a6 11. a3 b5 12. Bb3 Bb7 13. Rc1 Rc8 14. Qd2 Na5 15. Ba2 Nc4 16. Bxc4 Rxc4 17. Bh6 Bxe4 18. Bxg7 Kxg7 19. b3 1/2-1/2

[Event "24th Klatovy B 2016"]
[Site "Klatovy CZE"]
[Date "2016.07.05"]
[Round "4.23"]
[White "Kubat, Ladislav"]
[Black "Svec, Vitezslav"]
[Result "0-1"]
[WhiteElo "1435"]
[BlackElo "1687"]
[PlyCount "85"]
[EventDate "2016.07.02"]
[EventType "swiss"]
[EventRounds "9"]
[EventCountry "CZE"]

1. e4 e6 2. d4 d5 3. e5 c5 4. Nf3 Nc6 5. c3 Qb6 6. Be2 Nge7 7. dxc5 Qxc5 8. Be3 Qa5 9. O-O Ng6 10. Bd4 Qc7 11. Bb5 a6 12. Bxc6+ bxc6 13. b4 c5 14. bxc5 Bxc5 15. Nbd2 O-O 16. Nb3 Ba3 17. Qc2 Bd7 18. Nbd2 Bb5 19. Rfe1 Rfc8 20. Qb3 Qe7 21. Nb1 Bc5 22. g3 Rc7 23. a4 Bc4 24. Qd1 a5 25. Nbd2 Ba6 26. Nb3 Bxd4 27. cxd4 Bc4 28. Nc5 Rcc8 29. Qc2 Rab8 30. Reb1 Qa7 31. Nd2 Nf8 32. Rxb8 Rxb8 33. Nxc4 dxc4 34. Qxc4 Rb4 35. Qc3 Nd7 36. Nb3 Qa8 37. Nc5 Qc6 38. Rc1 g6 39. Ra1 Qd5 40. h3 Rxd4 41. Nxd7 Qxd7 42. Qxa5 Rd5 43. Re1 0-1

[Event "24th Klatovy B 2016"]
[Site "Klatovy CZE"]
[Date "2016.07.05"]
[Round "4.24"]
[White "Vavrinek, Tomas"]
[Black "Palla, Ivan"]
[Result "1-0"]
[WhiteElo "1773"]
[BlackElo "1536"]
[PlyCount "86"]
[EventDate "2016.07.02"]
[EventType "swiss"]
[EventRounds "9"]
[EventCountry "CZE"]

1. d4 f5 2. c4 Nf6 3. Nf3 e6 4. a3 Be7 5. Nc3 O-O 6. e3 a5 7. Be2 b6 8. O-O Bb7 9. b3 Ne4 10. Bb2 d6 11. Qc2 Nd7 12. b4 d5 13. b5 h6 14. Nxe4 fxe4 15. Ne5 Nxe5 16. dxe5 Bc5 17. Bg4 Qe7 18. a4 g6 19. Qc3 h5 20. Be2 Rad8 21. Rad1 Kh7 22. cxd5 Bb4 23. d6 cxd6 24. exd6 Bxd6 25. Bc4 Bb4 26. Qe5 Bd6 27. Qxe6 Qxe6 28. Bxe6 Bc5 29. Rc1 Rd6 30. Bh3 Rfd8 31. Bd4 Bd5 32. Bxc5 bxc5 33. Rxc5 Bb3 34. g4 Be6 35. Bg2 Bd5 36. g5 Kg8 37. Rd1 Kf8 38. Rd4 Bb3 39. Bxe4 Rxd4 40. exd4 Bxa4 41. b6 Rb8 42. b7 Bd7 43. Rxa5 Ke7 1-0

[Event "24th Klatovy B 2016"]
[Site "Klatovy CZE"]
[Date "2016.07.05"]
[Round "4.25"]
[White "May, David"]
[Black "Vachal, Josef1"]
[Result "0-1"]
[WhiteElo "1532"]
[BlackElo "1957"]
[PlyCount "40"]
[EventDate "2016.07.02"]
[EventType "swiss"]
[EventRounds "9"]
[EventCountry "CZE"]

1. d4 Nf6 2. Nf3 g6 3. c4 Bg7 4. Nc3 d5 5. Bf4 c6 6. e3 O-O 7. Be2 Nbd7 8. c5 Nh5 9. Bg3 Nxg3 10. hxg3 e5 11. Qd2 exd4 12. exd4 Re8 13. O-O-O Nf6 14. Qf4 Ne4 15. Nxe4 Rxe4 16. Qd2 Bg4 17. Rxh7 Kxh7 18. Ng5+ Qxg5 19. Qxg5 Bh6 20. Rh1 Bh5 0-1

[Event "24th Klatovy B 2016"]
[Site "Klatovy CZE"]
[Date "2016.07.05"]
[Round "4.27"]
[White "Severin, Lubos"]
[Black "Flajsman, Petr"]
[Result "0-1"]
[WhiteElo "1694"]
[BlackElo "1529"]
[PlyCount "96"]
[EventDate "2016.07.02"]
[EventType "swiss"]
[EventRounds "9"]
[EventCountry "CZE"]

1. d4 d5 2. c4 c6 3. Nc3 Bf5 4. Nf3 e6 5. Bf4 Nf6 6. e3 Be7 7. Nh4 Bg6 8. Nxg6 hxg6 9. Qb3 Qb6 10. Qxb6 axb6 11. Bc7 Bd8 12. Bxb8 Rxb8 13. Bd3 dxc4 14. Bxc4 b5 15. Bd3 Ba5 16. Ke2 Bxc3 17. bxc3 Ra8 18. h3 Nd5 19. Rhc1 Ra3 20. Kd2 Kd7 21. Be4 Nb6 22. Bd3 Rha8 23. Rc2 Nd5 24. g3 b4 25. Rb1 bxc3+ 26. Kd1 b5 27. e4 Nb6 28. f4 Na4 29. Rb3 Nb2+ 30. Ke2 Rxb3 31. axb3 b4 32. Bc4 Nxc4 33. bxc4 Ra3 34. Rc1 Ra2+ 35. Kd3 Rd2+ 36. Ke3 b3 37. Rxc3 Rg2 38. Kf3 b2 39. Rb3 Rc2 40. c5 Rc3+ 41. Rxc3 b1=Q 42. Kg4 f5+ 43. Kg5 fxe4 44. Kxg6 Qb4 45. Rc1 e3 46. Kxg7 e2 47. g4 e1=Q 48. Rxe1 Qxe1 0-1

[Event "24th Klatovy B 2016"]
[Site "Klatovy CZE"]
[Date "2016.07.05"]
[Round "4.28"]
[White "Stankova, Zuzana 1986"]
[Black "Psaila, Uranchimeg"]
[Result "1-0"]
[WhiteElo "1673"]
[BlackElo "1546"]
[PlyCount "37"]
[EventDate "2016.07.02"]
[EventType "swiss"]
[EventRounds "9"]
[EventCountry "CZE"]

1. e4 e6 2. d4 d5 3. Nc3 dxe4 4. Nxe4 Nd7 5. Nf3 Ngf6 6. Bd3 Nxe4 7. Bxe4 Nf6 8. Bd3 Be7 9. c3 O-O 10. O-O b6 11. Bc2 Bb7 12. Qe2 c5 13. Rd1 Qc7 14. Ne5 Rfd8 15. Bg5 cxd4 16. cxd4 Nd5 17. Rac1 Qb8 18. Bxh7+ Kf8 19. Qh5 1-0

[Event "24th Klatovy B 2016"]
[Site "Klatovy CZE"]
[Date "2016.07.05"]
[Round "4.29"]
[White "Flajsman, Zdenek"]
[Black "Svec, Ludek"]
[Result "0-1"]
[WhiteElo "1457"]
[BlackElo "1654"]
[PlyCount "66"]
[EventDate "2016.07.02"]
[EventType "swiss"]
[EventRounds "9"]
[EventCountry "CZE"]

1. d4 Nf6 2. c4 e6 3. Nc3 d5 4. e3 c5 5. Nf3 Nc6 6. cxd5 Nxd5 7. Be2 Be7 8. O-O O-O 9. Ne4 cxd4 10. Nxd4 Nxd4 11. Qxd4 f5 12. Ng3 Bf6 13. Qd2 Qb6 14. a3 Rd8 15. Nh5 Be7 16. Qc2 Bd7 17. b4 Rac8 18. Qb2 Nf6 19. Rb1 Nxh5 20. Bxh5 Bf6 21. Qa2 Ba4 22. Rb2 Bxb2 23. Bxb2 Rd2 24. Qa1 g6 25. Bf3 Rcc2 26. Bh8 Qc7 27. Qf6 Qd7 28. h4 Bb5 29. Ra1 Rxf2 30. Bxb7 Qxb7 31. Qxe6+ Kxh8 32. Qf6+ Kg8 33. Qd8+ Kg7 0-1

[Event "24th Klatovy B 2016"]
[Site "Klatovy CZE"]
[Date "2016.07.05"]
[Round "4.30"]
[White "Peterek, Zbynek"]
[Black "Ruzicka, Vaclav1"]
[Result "0-1"]
[WhiteElo "1314"]
[BlackElo "1649"]
[PlyCount "124"]
[EventDate "2016.07.02"]
[EventType "swiss"]
[EventRounds "9"]
[EventCountry "CZE"]

1. e4 c6 2. d4 d5 3. exd5 cxd5 4. Bb5+ Bd7 5. Bxd7+ Nxd7 6. Nc3 e6 7. Nf3 Ngf6 8. Qe2 a6 9. O-O Qc7 10. Re1 Bb4 11. Bd2 Bxc3 12. Bxc3 O-O 13. Rac1 Ne4 14. Qd3 Rac8 15. Bd2 b5 16. Ng5 Ndf6 17. Nxe4 Nxe4 18. f3 Nxd2 19. Qxd2 Qc4 20. a3 a5 21. b3 Qc3 22. Qxc3 Rxc3 23. Kf2 Rfc8 24. Re2 Rxb3 25. cxb3 Rxc1 26. h3 Kf8 27. f4 Ra1 28. f5 Ke7 29. fxe6 fxe6 30. a4 bxa4 31. bxa4 Rxa4 32. Ke3 Ra3+ 33. Kf4 Kd6 34. Rb2 Kc7 35. Re2 Ra4 36. Rxe6 Rxd4+ 37. Kf3 Re4 38. Ra6 a4 39. Ra5 Kc6 40. g4 Rb4 41. g5 Rb3+ 42. Kg4 a3 43. h4 d4 44. h5 d3 45. Kf3 Kd6 46. h6 gxh6 47. gxh6 d2+ 48. Ke2 Rh3 49. Ra6+ Kc5 50. Kd1 Kb5 51. Ra7 a2 52. Kc2 Rxh6 53. Kxd2 Ra6 54. Rxh7 a1=Q 55. Rh5+ Kb4 56. Rh4+ Kb3 57. Rh3+ Kb2 58. Rh2 Qc1+ 59. Kd3+ Kb1 60. Rh8 Rd6+ 61. Ke4 Qe1+ 62. Kf3 Qc3+ 0-1

[Event "24th Klatovy B 2016"]
[Site "Klatovy CZE"]
[Date "2016.07.05"]
[Round "4.31"]
[White "Ostry, Michal"]
[Black "Gorbunov, Alexander 1998"]
[Result "1-0"]
[WhiteElo "1644"]
[BlackElo "1353"]
[PlyCount "69"]
[EventDate "2016.07.02"]
[EventType "swiss"]
[EventRounds "9"]
[EventCountry "CZE"]

1. e4 e5 2. Nf3 Nc6 3. Bb5 Nf6 4. O-O d6 5. Re1 a6 6. Ba4 b5 7. Bb3 Bg4 8. c3 Na5 9. Bc2 c5 10. d3 Be7 11. Nbd2 O-O 12. Nf1 Nc6 13. h3 Bh5 14. Ng3 Bg6 15. Nh4 a5 16. Ngf5 a4 17. f4 exf4 18. Qf3 Ne5 19. Qxf4 Nh5 20. Nxg6 fxg6 21. Nxe7+ Qxe7 22. Qg5 Rf6 23. Bd2 Raf8 24. Rf1 h6 25. Qe3 Nf4 26. b3 axb3 27. axb3 R6f7 28. d4 Qg5 29. Rxf4 Rxf4 30. dxe5 dxe5 31. Qe2 Rf2 32. Qxf2 Rxf2 33. Bxg5 Rxc2 34. Rc1 Rb2 35. Be7 1-0